Govt. of
Madhya Pradesh

Chinese goods (Record no. 65842)

MARC details
000 -LEADER
fixed length control field 00278nam a22001097a 4500
100 ## - MAIN ENTRY--AUTHOR NAME
Personal name Rathore Archana
245 ## - TITLE STATEMENT
Title Chinese goods
Sub Title India towards Economic slavery
260 ## - PUBLICATION, DISTRIBUTION, ETC. (IMPRINT)
Place of publication Delhi
Name of publisher Kanhya publisher
Year of publication 2017
300 ## - PHYSICAL DESCRIPTION
Number of Pages 256
650 ## - SUBJECT ADDED ENTRY--TOPICAL TERM
Topical Term 330/Economics
942 ## - ADDED ENTRY ELEMENTS (KOHA)
Koha item type Books
Holdings
Withdrawn status Lost status Damaged status Not for loan Home library Current library Date acquired Cost, normal purchase price Accession Number Price effective from Koha item type
        MACL MACL 31/01/2023 950.00 CRE040189 31/01/2023 Books